00511nam a22001457a 4500003000500000038001800005082000800023100001800031245012400049264003400173300002500207650003100232700004500263856005700308NUST aNusrat Nadeem a200 aNaeem, Khalid aDesign and Development of Non-initiating Precursor for Tandem Warhead Against Explosive Reactive Armour/c Khalid Naeem aIslamabad:bSCME NUST;c2021. a128,p;bill;c30,cm. aPhD- Chemical Engineering  aSupervisor:Engr. Prof. Dr Arshad Hussain uhttp://10.250.8.41:8080/xmlui/handle/123456789/23799